Những cuộc phiêu lưu của Huckleberry Finn = The adventures of Huckleberry Finn

Sparad:
Bibliografiska uppgifter
Huvudupphovsman: Mark Twain (Tác giả)
Övriga upphovsmän: Lương Thị Thận (Dịch)
Materialtyp: Bok
Språk:Vietnamese
Publicerad: TP Hồ Chí Minh Nxb Trẻ TP Hồ Chí Minh 1987
Ämnen:
Taggar: Lägg till en tagg
Inga taggar, Lägg till första taggen!
Thư viện lưu trữ: Mạng thư viện Đại học Đà Nẵng
LEADER 01187nam a2200349 4500
001 000004653
003 794
005 20120412140440.0
008 110802s1987 viesd
020 |c 10000đ 
041 0 |a vie 
082 |a 813  |b TW-M 
100 0 |a Mark Twain  |e Tác giả 
245 0 |a Những cuộc phiêu lưu của Huckleberry Finn  |b = The adventures of Huckleberry Finn  |c Lương Thị Thận dịch 
246 |a The adventures of Huckleberry Finn 
260 |a TP Hồ Chí Minh  |b Nxb Trẻ TP Hồ Chí Minh  |c 1987 
300 |a 477  |c 19cm 
653 |a Văn học hiện đại 
653 |a tiểu thuyết 
653 |a Mỹ 
700 |a Lương Thị Thận  |e Dịch 
910 |a Ngô Văn Đường 
OWN |a LSP 
AVA |a UDN50  |b LSP  |d 813 TW-M  |e unavailable  |t Error 5002 Not defined in file expand_doc_bib_avail.  |f 2  |g 2  |h N  |i 0  |k 1 
999 |a From the UDN01 
AVA |a UDN50  |b LSP  |d 813 TW-M  |e unavailable  |t Error 5002 Not defined in file expand_doc_bib_avail.  |f 2  |g 2  |h N  |i 0  |k 1 
TYP |a Monograph 
TYP |a Printed language 
980 |a Mạng thư viện Đại học Đà Nẵng